000 00724nam a22002057a 4500
999 _c18548
_d18548
003 AR-CdUCM
008 190514b ||||| |||| 00| 0 spa d
040 _aMUNICIPALIDAD PROVINCIAL DEL CUSCO
_cBIBLIOTECA MUNICIPAL DEL CUSCO
082 _a616.89 /
_bS31
100 _aSchraml, Walter J.
_939196
245 _aPsicología Clínica /
260 _aBarcelona :
_bHerder,
_c1975.
300 _a672 páginas ;
_c25 cm.
505 _aContenido: Sociología clínica y psicología social -- El psicodiagnostico en el ámbito clínico -- Métodos de terapia psíquica...
650 _aSociología
_9276
650 _aPsicología
_91538
650 _aClínica social
_939197
942 _2ddc
_cLIBROS
945 _adavv
_d2019-05-14